000 00570nam a2200181Ia 4500
008 100917s9999 xx 000 0 und d
082 _b59407
100 _aदारव्हेकर पुरूषोत्तम
245 _aघनश्याम नयनी आला
260 _bपरचुरे प्रकाशन
_c1968
300 _a102
365 _b4
520 _aनाटक
630 _aघनश्याम नयनी आला
650 _aनाटक
730 _aघनश्याम नयनी आला
942 _cBOOK
999 _c664801
_d664798